Philadelphia 76ers 40 Point Games - Statistics

General Stats
  • This quiz has been taken 171 times
    38 since last reset
  • The average score is 10 of 21
Answer Stats
Player Max Nb % Correct
Joel Embiid 70 48
100%
Tyrese Maxey 54 14
100%
Allen Iverson 60 76
97%
Wilt Chamberlain 68 31
85%
Ben Simmons 42 1
79%
Moses Malone 51 2
79%
Charles Barkley 47 17
76%
Julius Erving 45 9
76%
Dolph Schayes 50 7
67%
Billy Cunningham 47 10
58%
Hal Greer 50 12
58%
Hersey Hawkins 43 2
27%
Andrew Toney 46 5
21%
Dana Barros 50 2
21%
Quentin Grimes 46 2
21%
Fred Carter 41 2
18%
Red Kerr 42 1
15%
George Yardley 47 1
3%
Lee Shaffer 42 2
0%
Vernon Maxwell 41 1
0%
Willie Burton 53 1
0%
No matching quizzes found
Score Distribution
Percent of People with Each Score
Percentile by Number Answered
Your Score History
You have not taken this quiz since the last reset